<?xml version="1.0" encoding="UTF-8"?><?xml-stylesheet type="text/xsl" href="static/style.xsl"?><OAI-PMH xmlns="http://www.openarchives.org/OAI/2.0/" xmlns:xsi="http://www.w3.org/2001/XMLSchema-instance" xsi:schemaLocation="http://www.openarchives.org/OAI/2.0/ http://www.openarchives.org/OAI/2.0/OAI-PMH.xsd"><responseDate>2026-04-29T18:41:43Z</responseDate><request verb="GetRecord" identifier="oai:riubu.ubu.es:10259/11493" metadataPrefix="marc">https://riubu.ubu.es/oai/request</request><GetRecord><record><header><identifier>oai:riubu.ubu.es:10259/11493</identifier><datestamp>2026-04-08T07:38:00Z</datestamp><setSpec>com_10259_3847</setSpec><setSpec>com_10259_5086</setSpec><setSpec>com_10259_2604</setSpec><setSpec>col_10259_11492</setSpec></header><metadata><record xmlns="http://www.loc.gov/MARC21/slim" xmlns:doc="http://www.lyncode.com/xoai" xmlns:xsi="http://www.w3.org/2001/XMLSchema-instance" xmlns:dcterms="http://purl.org/dc/terms/" xsi:schemaLocation="http://www.loc.gov/MARC21/slim http://www.loc.gov/standards/marcxml/schema/MARC21slim.xsd">
<leader>00925njm 22002777a 4500</leader>
<datafield tag="042" ind1=" " ind2=" ">
<subfield code="a">dc</subfield>
</datafield>
<datafield tag="720" ind1=" " ind2=" ">
<subfield code="a">Gil Arroyo, Beatriz</subfield>
<subfield code="e">author</subfield>
</datafield>
<datafield tag="720" ind1=" " ind2=" ">
<subfield code="a">Cotillas Torres, Clara</subfield>
<subfield code="e">author</subfield>
</datafield>
<datafield tag="720" ind1=" " ind2=" ">
<subfield code="a">Herrero Cosío, Álvaro</subfield>
<subfield code="e">author</subfield>
</datafield>
<datafield tag="260" ind1=" " ind2=" ">
<subfield code="c">2026-03-24</subfield>
</datafield>
<datafield tag="520" ind1=" " ind2=" ">
<subfield code="a">Informe del proyecto de ciencia ciudadana en el que se recogen y analizan los datos de las encuestas de percepción sobre seguridad de dispositivos IoT domésticos.&#xd;
Esta actividad se lleva a cabo en ejecución del Proyecto Estratégico "Inteligencia Artificial para la Securización de Dispositivos IoT" (C032.23), &#xd;
fruto de un convenio de colaboración suscrito entre el Instituto Nacional de Ciberseguridad (INCIBE) y la Universidad de Burgos. &#xd;
Esta iniciativa se realiza en el marco de los fondos del Plan de Recuperación, Transformación y Resiliencia, financiadas por la Unión Europea (Next Generation), &#xd;
el proyecto del Gobierno de España que traza la hoja de ruta para la modernización de la economía española, la recuperación del crecimiento económico y la creación de empleo, &#xd;
para la reconstrucción económica sólida, inclusiva y resiliente tras la crisis de la COVID19, y para responder a los retos de la próxima década.</subfield>
</datafield>
<datafield tag="024" ind2=" " ind1="8">
<subfield code="a">https://hdl.handle.net/10259/11493</subfield>
</datafield>
<datafield tag="245" ind1="0" ind2="0">
<subfield code="a">Percepción de seguridad en dispositivos IoT domésticos: análisis descriptivo basado en encuesta</subfield>
</datafield>
</record></metadata></record></GetRecord></OAI-PMH>